000 00943nam a22002657i 4500
005 20251108174541.0
008 250721s2003 ua a cr 000 0 ara d
020 _a9773455165
041 1 _aara
082 1 4 _a599
_bه ا و
100 1 _aهاول، لورا
_eمؤلف.
245 1 0 _aحيوانات الغابة /
_cتأليف لورا هاول، باربارا كورك : ترجمة إيهاب عبدالسلام.
260 1 _c.
264 3 1 _aالقاهرة :
_bدار الفاروق للنشر والتوزيع،
_c2003.
300 _a23 صفحة.
490 0 _aهذا خلق الله.
650 1 7 _aالعلوم.
650 1 7 _aالحيوانات.
653 _aاطفال مرحله متوسطه (6-9) سنوات.
700 1 _aعبد السلام، إيهاب
_eمترجم.
700 1 _aكورك، باربارا
_eمؤلف.
830 1 0 _aهذا خلق الله.
942 _2ddc
_cBK
999 _c112037
_d112037